A textbook of heat and mass transfer / (Record no. 134)

000 -LEADER
fixed length control field 00442 a2200157 4500
008 - FIXED-LENGTH DATA ELEMENTS--GENERAL INFORMATION
fixed length control field 210415b ||||| |||| 00| 0 eng d
020 ## - INTERNATIONAL STANDARD BOOK NUMBER
International Standard Book Number 9789385401930
082 00 - DEWEY DECIMAL CLASSIFICATION NUMBER
Classification number 621.4022
Item number R1619
100 ## - MAIN ENTRY--PERSONAL NAME
Personal name Rajput, R.K.
9 (RLIN) 2063
245 ## - TITLE STATEMENT
Title A textbook of heat and mass transfer /
250 ## - EDITION STATEMENT
Edition statement 1st ed.
260 ## - PUBLICATION, DISTRIBUTION, ETC. (IMPRINT)
Place of publication, distribution, etc New Delhi:
Name of publisher, distributor, etc S. Chand Publishing,
Date of publication, distribution, etc c2018.
300 ## - PHYSICAL DESCRIPTION
Extent xvii, 756 p.
650 #0 - SUBJECT ADDED ENTRY--TOPICAL TERM
Topical term or geographic name as entry element Heat Transmission
942 ## - ADDED ENTRY ELEMENTS (KOHA)
Source of classification or shelving scheme
Item type Books
Holdings
Withdrawn status Lost status Source of classification or shelving scheme Damaged status Not for loan Permanent location Current location Date acquired Source of acquisition Cost, normal purchase price Total Checkouts Total Renewals Full call number Barcode Date last seen Date last borrowed Cost, replacement price Koha item type
          IMU Kolkata IMU Kolkata 2019-09-09 Apex Book Services 365.75 8 2 621.4022 R1619 13391 2026-03-16 2026-03-12 475.00 Books
          IMU Kolkata IMU Kolkata 2019-09-09 Apex Book Services 365.75 1   621.4022 R1619 13392 2024-12-26 2024-12-18 475.00 Books
          IMU Kolkata IMU Kolkata 2019-09-09 Apex Book Services 365.75 8 1 621.4022 R1619 13393 2025-11-14 2025-11-03 475.00 Books
          IMU Kolkata IMU Kolkata 2019-09-09 Apex Book Services 365.75 5 7 621.4022 R1619 13394 2024-12-26 2024-11-18 475.00 Books
          IMU Kolkata IMU Kolkata 2019-09-09 Apex Book Services 365.75 2   621.4022 R1619 13395 2025-12-24 2025-12-13 475.00 Books
          IMU Kolkata IMU Kolkata 2019-09-09 Apex Book Services 365.75 4 1 621.4022 R1619 13396 2024-12-26 2024-11-29 475.00 Books
          IMU Kolkata IMU Kolkata 2019-09-09 Apex Book Services 365.75 2   621.4022 R1619 13397 2024-12-26 2024-11-07 475.00 Books
          IMU Kolkata IMU Kolkata 2019-09-09 Apex Book Services 365.75 7 3 621.4022 R1619 13398 2025-12-24 2025-12-13 475.00 Books
          IMU Kolkata IMU Kolkata 2019-09-09 Apex Book Services 365.75 2   621.4022 R1619 13399 2024-12-26 2024-12-24 475.00 Books
          IMU Kolkata IMU Kolkata 2019-09-09 Apex Book Services 365.75 7 4 621.4022 R1619 13400 2024-12-26 2024-12-16 475.00 Books
Designed and Maintained by IMU-KC Library, Kolkata Campus © Copyright All Rights Reserved

webs counters

Powered by Koha